000
00358nam a2200109 4500
008
b xx# fre u
040
_a
LB-BrCRDP
082
1
_a
194
_b
SIC
245
1
0
_a
Cinquante ans de philosophie française
_b
3. Les années-structure, les années-révolte
_c
Bernard Sichère
942
_c
BK
999
_c
9687
_d
9687